<?xml version="1.0" encoding="UTF-8"?><?xml-stylesheet type="text/xsl" href="static/style.xsl"?><OAI-PMH xmlns="http://www.openarchives.org/OAI/2.0/" xmlns:xsi="http://www.w3.org/2001/XMLSchema-instance" xsi:schemaLocation="http://www.openarchives.org/OAI/2.0/ http://www.openarchives.org/OAI/2.0/OAI-PMH.xsd"><responseDate>2026-06-02T12:04:37Z</responseDate><request verb="GetRecord" identifier="oai:riuma.uma.es:10630/38333" metadataPrefix="marc">https://riuma.uma.es/rest/oai/request</request><GetRecord><record><header><identifier>oai:riuma.uma.es:10630/38333</identifier><datestamp>2026-02-03T11:14:13Z</datestamp><setSpec>com_10630_2254</setSpec><setSpec>col_10630_37953</setSpec></header><metadata><record xmlns="http://www.loc.gov/MARC21/slim" xmlns:dcterms="http://purl.org/dc/terms/" xmlns:doc="http://www.lyncode.com/xoai" xmlns:xsi="http://www.w3.org/2001/XMLSchema-instance" xsi:schemaLocation="http://www.loc.gov/MARC21/slim http://www.loc.gov/standards/marcxml/schema/MARC21slim.xsd">
   <leader>00925njm 22002777a 4500</leader>
   <datafield ind2=" " ind1=" " tag="042">
      <subfield code="a">dc</subfield>
   </datafield>
   <datafield ind2=" " ind1=" " tag="720">
      <subfield code="a">García-Faroldi, Livia</subfield>
      <subfield code="e">author</subfield>
   </datafield>
   <datafield ind2=" " ind1=" " tag="720">
      <subfield code="a">Teruel-Rodríguez, Laura</subfield>
      <subfield code="e">author</subfield>
   </datafield>
   <datafield ind2=" " ind1=" " tag="720">
      <subfield code="a">Blanco-Ruiz, Sonia María</subfield>
      <subfield code="e">author</subfield>
   </datafield>
   <datafield ind2=" " ind1=" " tag="260">
      <subfield code="c">2025-02-02</subfield>
   </datafield>
   <datafield ind2=" " ind1=" " tag="520">
      <subfield code="a">This study addresses public perception of the relationship between artificial intelligence (AI) and disinformation. The level of general awareness of AI is considered, and based on this, an analysis is carried out of whether it may favor the creation and&#xd;
distribution of false content or, conversely, the public perceive its potential to counteract information disorders. A survey has been conducted on a representative sample of the Andalusian population aged 15 and over (1550 people). The results show that over 90% of the population have heard of AI, although it is less well known among the eldest age group (78%). There is a consensus that AI helps to produce (86%) and distribute (84%) fake news. Descriptive analyses show no major differences by sex, age, social class, ideology, type of activity or size of municipality, although those less educated tend to mention these negative effects to a lesser extent. However, 54% of the population consider that it may help in combating hoaxes, with women, the lower class and the left wing having positive views. Logistic regressions broadly confirm these results, showing that education, ideology&#xd;
and social class are the most relevant factors when explaining opinions about the role of AI in disinformation.</subfield>
   </datafield>
   <datafield ind1="8" ind2=" " tag="024">
      <subfield code="a">García-Faroldi, L., Teruel, L., &amp; Blanco, S. (2025). Unmasking AI’s Role in the Age of Disinformation: Friend or Foe? Journalism and Media, 6(1), 19. https://doi.org/10.3390/ journalmedia6010019</subfield>
   </datafield>
   <datafield ind1="8" ind2=" " tag="024">
      <subfield code="a">https://hdl.handle.net/10630/38333</subfield>
   </datafield>
   <datafield ind1="8" ind2=" " tag="024">
      <subfield code="a">10.3390/journalmedia6010019</subfield>
   </datafield>
   <datafield tag="653" ind2=" " ind1=" ">
      <subfield code="a">Inteligencia artificial - Aspectos sociales</subfield>
   </datafield>
   <datafield tag="653" ind2=" " ind1=" ">
      <subfield code="a">Verdad y mentira</subfield>
   </datafield>
   <datafield tag="653" ind2=" " ind1=" ">
      <subfield code="a">Hábitos de información - Andalucía</subfield>
   </datafield>
   <datafield ind2="0" ind1="0" tag="245">
      <subfield code="a">Unmasking AI’s Role in the Age of Disinformation: Friend or Foe?</subfield>
   </datafield>
</record>
</metadata></record></GetRecord></OAI-PMH>